Možnosti využitia alternatívnych zdrojov energie vo vybranom podniku diplomová práca

Uložené v:
Podrobná bibliografia
Hlavný autor: Moravec, Ladislav
Korporativný autor: Podnikovohospodárska fakulta EU so sídlom v Košiciach. Katedra ekonómie
Ďalší autori: Stričík, Michal, 1969-
Médium: Kniha
Jazyk:Slovak
Vydavateľské údaje: Košice 2013
Tagy: Pridať tag
Žiadne tagy, Buďte prvý, kto otaguje tento záznam!

MARC

LEADER 00000nbm a2200000 4500
001 0170293
005 20240827092617.0
041 0 |a slo 
044 |a SK 
245 1 0 |a Možnosti využitia alternatívnych zdrojov energie vo vybranom podniku  |b diplomová práca  |c Ladislav Moravec ; školiteľ: Michal Stričík 
264 1 |a Košice  |c 2013 
300 |a 56 s. 
100 1 |a Moravec, Ladislav 
700 1 |a Stričík, Michal, 1969- 
710 2 |a Podnikovohospodárska fakulta EU so sídlom v Košiciach. Katedra ekonómie